000
00304 a2200133 4500
003
Nust
005
20170207164544.0
040
_c
Nust
245
_a
Digital systems design
_c
Ramaswami Palaniappan
260
_b
Ventus publishing
_c
2011.
300
_a
130p
500
_a
E Book
650
_a
Digital systems design
942
_2
ddc
_c
BK
999
_c
209243
_d
209243